000 00685cam a22001817a 4500
008 180718b1993 xxu||||| |||| 00| 0 eng d
082 _aQ39 In2/C639
100 _aIndia Disaster Management Training Country Workshop (1993 12 - 16 July: IIPA: New Delhi)
245 _aVulnerability and risk assessment
260 _aNew Delhi
_bIndian Institute of Public Administration
_c1993
300 _a111p.
650 _aDisaster Relief
650 _aDisasters
700 _aIndian Institute of Public Administration
700 _aAsian Disaster Preparedness Center, Bangkok
700 _aIndia. Department of Agriculture and Cooperation, Ministry of Agriculture
700 _aCoburn, A.W.
999 _c476361
_d476361